000 00243 a2200097 4500
001 29935
100 _aArmy Material Command
245 _aEngineering design handbook Timing system and components
260 _a
_bAMC
_c
090 _c19939
_d19939
942 _aNUST-CAE
_c11045
_cM
999 _c265008
_d265008